[Event "DEM U12w 2018"]
[Site "Willingen GER"]
[Date "2018.05.26"]
[Round "11"]
[White "Hentschel, Lena"]
[Black "Schulz, Hannah"]
[Result "1/2-1/2"]
[Termination "normal"]
[Board "6"]
[WhiteElo "1466"]
[BlackElo "1651"]
[WhiteClock "00:07:07"]
[BlackClock "00:15:27"]
[PlyCount "150"]
[WhiteFideId "16240324"]
[BlackFideId "16244745"]
[EventCountry "GER"]
[EventRounds "11"]
[EventType "swiss"]
[EventDate "2018.05.19"]

1. d4 {[%clk 1:15:57]} 1... d5 {[%clk 1:15:57]} 2. Bf4 {[%clk 1:16:18]} 2...
Nf6 {[%clk 1:16:23]} 3. Nf3 {[%clk 1:16:35]} 3... c5 {[%clk 1:16:47]} 4. e3 {
[%clk 1:16:28]} 4... Nc6 {[%clk 1:17:11]} 5. c3 {[%clk 1:16:37]} 5... Qb6 {
[%clk 1:17:29]} 6. Qc2 {[%clk 1:14:28]} 6... g6 {[%clk 1:17:51]} 7. Nbd2 {
[%clk 1:12:47]} 7... Bf5 {[%clk 1:17:51]} 8. Qc1 {[%clk 1:08:33]} 8... c4 {
[%clk 1:16:57]} 9. h3 {[%clk 1:07:31]} 9... Bg7 {[%clk 1:13:49]} 10. Be2 {
[%clk 1:06:20]} 10... O-O {[%clk 1:12:45]} 11. O-O {[%clk 1:05:32]} 11... a5 {
[%clk 1:05:28]} 12. Re1 {[%clk 1:02:09]} 12... Nd8 {[%clk 1:02:38]} 13. Bd1 {
[%clk 0:59:57]} 13... Ne6 {[%clk 1:02:13]} 14. Be5 {[%clk 0:51:47]} 14... Nc7 {
[%clk 1:01:34]} 15. Bc2 {[%clk 0:48:33]} 15... Nce8 {[%clk 0:57:34]} 16. e4 {
[%clk 0:45:35]} 16... Be6 {[%clk 0:48:46]} 17. exd5 {[%clk 0:40:30]} 17... Bxd5
{[%clk 0:48:19]} 18. Be4 {[%clk 0:39:35]} 18... Nxe4 {[%clk 0:47:25]} 19. Nxe4
{[%clk 0:38:34]} 19... Qc6 {[%clk 0:41:53]} 20. Bxg7 {[%clk 0:35:23]} 20...
Nxg7 {[%clk 0:40:06]} 21. Qe3 {[%clk 0:30:50]} 21... Nf5 {[%clk 0:38:35]} 22.
Qe2 {[%clk 0:30:37]} 22... f6 {[%clk 0:35:41]} 23. Nfd2 {[%clk 0:26:12]} 23...
a4 {[%clk 0:33:12]} 24. f3 {[%clk 0:17:28]} 24... a3 {[%clk 0:32:09]} 25. b3 {
[%clk 0:17:00]} 25... cxb3 {[%clk 0:30:46]} 26. axb3 {[%clk 0:17:21]} 26...
Rfe8 {[%clk 0:25:54]} 27. Qd3 {[%clk 0:14:29]} 27... Nd6 {[%clk 0:23:35]} 28.
Nxd6 {[%clk 0:14:10]} 28... Qxd6 {[%clk 0:23:41]} 29. c4 {[%clk 0:13:53]} 29...
Bc6 {[%clk 0:19:37]} 30. Ne4 {[%clk 0:12:33]} 30... Bxe4 {[%clk 0:19:04]} 31.
Qxe4 {[%clk 0:12:47]} 31... Qc6 {[%clk 0:18:46]} 32. Qxc6 {[%clk 0:12:38]}
32... bxc6 {[%clk 0:19:12]} 33. Re6 {[%clk 0:12:17]} 33... Red8 {[%clk 0:18:11]
} 34. Ra2 {[%clk 0:11:19]} 34... Rxd4 {[%clk 0:17:59]} 35. Rxc6 {[%clk 0:11:30]
} 35... Rd1+ {[%clk 0:18:17]} 36. Kf2 {[%clk 0:11:23]} 36... Rb1 { [%clk
0:18:39]} 37. Re6 {[%clk 0:10:30]} 37... Rb2+ {[%clk 0:18:26]} 38. Re2 { [%clk
0:10:25]} 38... Rxe2+ {[%clk 0:18:48]} 39. Kxe2 {[%clk 0:10:43]} 39... Kf7
{[%clk 0:19:09]} 40. Kd3 {[%clk 0:10:43]} 40... Ke6 {[%clk 0:19:13]} 41. b4
{[%clk 0:10:39]} 41... Ke5 {[%clk 0:17:51]} 42. g3 {[%clk 0:10:42]} 42... g5 {
[%clk 0:17:37]} 43. Kc3 {[%clk 0:09:48]} 43... f5 {[%clk 0:17:33]} 44. Kb3 {
[%clk 0:09:41]} 44... Kd4 {[%clk 0:17:39]} 45. Rxa3 {[%clk 0:09:23]} 45...
Rxa3+ {[%clk 0:16:37]} 46. Kxa3 {[%clk 0:09:45]} 46... Kxc4 {[%clk 0:17:04]}
47. Ka4 {[%clk 0:10:04]} 47... e5 {[%clk 0:17:24]} 48. b5 {[%clk 0:10:02]}
48... e4 {[%clk 0:17:47]} 49. fxe4 {[%clk 0:09:11]} 49... fxe4 {[%clk 0:18:11]}
50. b6 {[%clk 0:09:20]} 50... e3 {[%clk 0:18:37]} 51. b7 {[%clk 0:09:43]} 51...
e2 {[%clk 0:19:04]} 52. b8=Q {[%clk 0:10:05]} 52... e1=Q {[%clk 0:19:26]} 53.
Qb5+ {[%clk 0:09:48]} 53... Kd4 {[%clk 0:19:03]} 54. Qd7+ {[%clk 0:09:37]}
54... Ke3 {[%clk 0:18:34]} 55. Qe6+ {[%clk 0:09:16]} 55... Kf2 {[%clk 0:18:38]}
56. Qf5+ {[%clk 0:08:42]} 56... Kg2 {[%clk 0:18:50]} 57. Qd5+ {[%clk 0:08:26]}
57... Kh2 {[%clk 0:17:28]} 58. Qxg5 {[%clk 0:07:24]} 58... Qe4+ {[%clk 0:17:14]
} 59. Kb5 {[%clk 0:06:57]} 59... Qd3+ {[%clk 0:17:22]} 60. Kb4 {[%clk 0:06:47]}
60... Qd6+ {[%clk 0:17:22]} 61. Kc4 {[%clk 0:06:41]} 61... Qe6+ {[%clk 0:17:31]
} 62. Kd4 {[%clk 0:06:17]} 62... Qd6+ {[%clk 0:17:48]} 63. Ke4 {[%clk 0:05:52]}
63... Qb4+ {[%clk 0:17:41]} 64. Kf5 {[%clk 0:05:42]} 64... Qc5+ {[%clk 0:17:52]
} 65. Kg4 {[%clk 0:05:28]} 65... Qd4+ {[%clk 0:17:50]} 66. Qf4 {[%clk 0:05:42]}
66... Qd7+ {[%clk 0:17:17]} 67. Qf5 {[%clk 0:05:48]} 67... h5+ {[%clk 0:16:20]}
68. Kf4 {[%clk 0:05:50]} 68... Qxf5+ {[%clk 0:14:22]} 69. Kxf5 {[%clk 0:06:13]}
69... Kxg3 {[%clk 0:14:42]} 70. Ke4 {[%clk 0:05:59]} 70... Kxh3 {[%clk 0:14:46]
} 71. Kf3 {[%clk 0:06:13]} 71... h4 {[%clk 0:14:45]} 72. Kf2 {[%clk 0:06:27]}
72... Kh2 {[%clk 0:14:57]} 73. Kf1 {[%clk 0:06:22]} 73... Kg3 {[%clk 0:15:02]}
74. Kg1 {[%clk 0:06:43]} 74... h3 {[%clk 0:15:27]} 75. Kh1 {[%clk 0:07:07]}
75... h2 1/2-1/2

[Event "DEM U12w 2018"]
[Site "Willingen GER"]
[Date "2018.05.26"]
[Round "11"]
[White "Roncea, Andreea-Alexandra"]
[Black "Fischer, Darja"]
[Result "1/2-1/2"]
[Termination "normal"]
[Board "7"]
[WhiteElo "1532"]
[BlackElo "1292"]
[WhiteClock "00:23:19"]
[BlackClock "01:01:29"]
[PlyCount "80"]
[WhiteFideId "16233115"]
[BlackFideId "16240898"]
[EventCountry "GER"]
[EventRounds "11"]
[EventType "swiss"]
[EventDate "2018.05.19"]

1. e4 {[%clk 1:15:58]} 1... c6 {[%clk 1:15:56]} 2. d4 {[%clk 1:16:24]} 2... d5
{[%clk 1:16:22]} 3. exd5 {[%clk 1:16:48]} 3... cxd5 {[%clk 1:16:46]} 4. Bd3 {
[%clk 1:17:09]} 4... Nc6 {[%clk 1:17:10]} 5. c3 {[%clk 1:17:34]} 5... Nf6 {
[%clk 1:17:16]} 6. Bf4 {[%clk 1:17:53]} 6... g6 {[%clk 1:17:11]} 7. Nd2 { [%clk
1:17:21]} 7... Bg7 {[%clk 1:17:08]} 8. h3 {[%clk 1:16:43]} 8... O-O { [%clk
1:17:20]} 9. Ngf3 {[%clk 1:16:55]} 9... Bf5 {[%clk 1:16:56]} 10. Bc2 { [%clk
1:12:42]} 10... e6 {[%clk 1:16:09]} 11. O-O {[%clk 1:12:37]} 11... Rc8 { [%clk
1:15:12]} 12. Bxf5 {[%clk 1:07:48]} 12... gxf5 {[%clk 1:15:32]} 13. Ne5 { [%clk
1:07:30]} 13... Ne4 {[%clk 1:14:26]} 14. Nxc6 {[%clk 1:04:26]} 14... bxc6
{[%clk 1:14:23]} 15. Nxe4 {[%clk 1:03:08]} 15... fxe4 {[%clk 1:14:18]} 16. f3 {
[%clk 0:57:39]} 16... f5 {[%clk 1:11:50]} 17. fxe4 {[%clk 0:51:45]} 17... fxe4
{[%clk 1:11:29]} 18. Qg4 {[%clk 0:50:05]} 18... Qd7 {[%clk 1:09:00]} 19. Be5 {
[%clk 0:48:44]} 19... Rxf1+ {[%clk 1:03:32]} 20. Rxf1 {[%clk 0:48:56]} 20...
Re8 {[%clk 1:03:48]} 21. Qxg7+ {[%clk 0:46:08]} 21... Qxg7 {[%clk 1:04:08]} 22.
Bxg7 {[%clk 0:46:36]} 22... Kxg7 23. Re1 {[%clk 0:46:45]} 23... Rf8 { [%clk
1:04:26]} 24. c4 {[%clk 0:45:56]} 24... Rf7 {[%clk 1:03:28]} 25. cxd5 { [%clk
0:39:02]} 25... exd5 {[%clk 1:03:34]} 26. Rc1 {[%clk 0:35:37]} 26... Rf6 {[%clk
1:03:47]} 27. Rd1 {[%clk 0:32:56]} 27... Kf7 {[%clk 1:03:39]} 28. b4 { [%clk
0:29:24]} 28... Ke7 {[%clk 1:03:49]} 29. a4 {[%clk 0:28:43]} 29... Kd7 { [%clk
1:02:29]} 30. Rf1 {[%clk 0:21:22]} 30... Rxf1+ {[%clk 1:01:47]} 31. Kxf1 {[%clk
0:21:44]} 31... Ke6 {[%clk 1:02:05]} 32. Kf2 {[%clk 0:21:34]} 32... Kf5 {[%clk
1:02:28]} 33. g3 {[%clk 0:21:55]} 33... Kg5 {[%clk 1:02:35]} 34. Ke3 { [%clk
0:22:15]} 34... Kf5 {[%clk 1:01:33]} 35. Kf2 {[%clk 0:22:07]} 35... Kg5 36. Ke3
{[%clk 0:22:27]} 36... Kf5 {[%clk 1:00:20]} 37. Kf2 {[%clk 0:22:15]} 37... Kf6
{[%clk 1:00:36]} 38. Ke3 {[%clk 0:22:31]} 38... Kf5 {[%clk 1:00:59]} 39. Kf2
{[%clk 0:22:55]} 39... Kg5 {[%clk 1:01:29]} 40. Ke3 {[%clk 0:23:19]} 40... Kf5
1/2-1/2

[Event "DEM U12w 2018"]
[Site "Willingen GER"]
[Date "2018.05.26"]
[Round "11"]
[White "Zöllner, Bente"]
[Black "Keymer, Cecilia"]
[Result "1-0"]
[Termination "normal"]
[Board "8"]
[WhiteElo "1314"]
[BlackElo "1423"]
[WhiteClock "00:46:19"]
[BlackClock "00:13:25"]
[PlyCount "105"]
[WhiteFideId "16230523"]
[BlackFideId "16233468"]
[EventCountry "GER"]
[EventRounds "11"]
[EventType "swiss"]
[EventDate "2018.05.19"]

1. d4 {[%clk 1:15:57]} 1... d5 {[%clk 1:15:58]} 2. c4 {[%clk 1:16:17]} 2... c6
{[%clk 1:16:26]} 3. Nf3 {[%clk 1:16:33]} 3... Nf6 {[%clk 1:16:41]} 4. Nc3 {
[%clk 1:16:49]} 4... dxc4 {[%clk 1:16:44]} 5. a4 {[%clk 1:17:07]} 5... Bf5 {
[%clk 1:16:47]} 6. e3 {[%clk 1:17:27]} 6... e6 {[%clk 1:16:59]} 7. Bxc4 { [%clk
1:17:43]} 7... Bb4 {[%clk 1:17:05]} 8. O-O {[%clk 1:17:54]} 8... O-O { [%clk
1:17:04]} 9. Qe2 {[%clk 1:18:07]} 9... Bg6 {[%clk 1:16:36]} 10. Bd3 { [%clk
1:17:00]} 10... Qa5 {[%clk 1:10:59]} 11. Bxg6 {[%clk 1:15:31]} 11... hxg6
{[%clk 1:10:58]} 12. Bd2 {[%clk 1:15:15]} 12... Nbd7 {[%clk 1:08:16]} 13. e4 {
[%clk 1:14:39]} 13... Rac8 {[%clk 1:01:36]} 14. e5 {[%clk 1:12:27]} 14... Nd5 {
[%clk 1:00:01]} 15. Nxd5 {[%clk 1:11:24]} 15... exd5 {[%clk 0:54:34]} 16. Qe3 {
[%clk 1:10:51]} 16... Bxd2 {[%clk 0:52:12]} 17. Nxd2 {[%clk 1:10:16]} 17...
Rfe8 {[%clk 0:47:38]} 18. Nf3 {[%clk 1:08:04]} 18... Nf6 {[%clk 0:42:38]} 19.
Qb3 {[%clk 1:04:33]} 19... Ne4 {[%clk 0:40:11]} 20. Qxb7 {[%clk 1:01:53]} 20...
Rc7 {[%clk 0:39:56]} 21. Qb3 {[%clk 1:01:40]} 21... Qa6 {[%clk 0:36:38]} 22.
Qc2 {[%clk 1:00:21]} 22... Rb8 {[%clk 0:35:24]} 23. Nd2 {[%clk 0:59:36]} 23...
Nxd2 {[%clk 0:35:25]} 24. Qxd2 {[%clk 0:59:43]} 24... Rb3 {[%clk 0:34:31]} 25.
Rfc1 {[%clk 0:57:49]} 25... Qb6 {[%clk 0:32:23]} 26. a5 {[%clk 0:55:17]} 26...
Qb7 {[%clk 0:30:05]} 27. Ra2 {[%clk 0:54:22]} 27... Rc8 {[%clk 0:28:02]} 28. g3
{[%clk 0:53:36]} 28... Rb8 {[%clk 0:27:11]} 29. Kg2 {[%clk 0:52:03]} 29... Kh7
{[%clk 0:22:33]} 30. Qc2 {[%clk 0:51:07]} 30... Rxb2 {[%clk 0:21:52]} 31. Rxb2
{[%clk 0:51:29]} 31... Qxb2 {[%clk 0:22:19]} 32. Qxb2 {[%clk 0:51:52]} 32...
Rxb2 {[%clk 0:22:21]} 33. Rxc6 {[%clk 0:52:08]} 33... Rd2 {[%clk 0:22:07]} 34.
Rc7 {[%clk 0:51:12]} 34... Rxd4 {[%clk 0:21:35]} 35. Rxa7 {[%clk 0:51:12]}
35... Ra4 {[%clk 0:19:59]} 36. Rxf7 {[%clk 0:50:56]} 36... d4 37. Rd7 { [%clk
0:50:22]} 37... Rxa5 {[%clk 0:19:27]} 38. f4 {[%clk 0:49:09]} 38... Ra2+ {[%clk
0:17:44]} 39. Kh3 {[%clk 0:47:46]} 39... Rd2 {[%clk 0:17:19]} 40. Kg4 { [%clk
0:47:11]} 40... Kh6 {[%clk 0:16:06]} 41. Rd8 {[%clk 0:46:35]} 41... Kh7 { [%clk
0:15:56]} 42. Kf3 {[%clk 0:46:08]} 42... d3 {[%clk 0:14:10]} 43. Ke3 { [%clk
0:45:16]} 43... Rd1 {[%clk 0:13:47]} 44. Rxd3 {[%clk 0:45:15]} 44... Rxd3+
{[%clk 0:13:58]} 45. Kxd3 {[%clk 0:45:33]} 45... Kg8 {[%clk 0:14:03]} 46. Kd4
{[%clk 0:45:54]} 46... Kf7 {[%clk 0:13:52]} 47. Kd5 {[%clk 0:46:14]} 47... Ke7
{[%clk 0:13:48]} 48. e6 {[%clk 0:46:28]} 48... Ke8 {[%clk 0:13:42]} 49. Kd6
{[%clk 0:46:41]} 49... Kd8 {[%clk 0:13:22]} 50. h4 {[%clk 0:45:52]} 50... g5 {
[%clk 0:13:01]} 51. hxg5 {[%clk 0:45:49]} 51... Ke8 {[%clk 0:13:12]} 52. e7 {
[%clk 0:45:59]} 52... g6 {[%clk 0:13:25]} 53. g4 {[%clk 0:46:19]} 1-0

[Event "DEM U12w 2018"]
[Site "Willingen GER"]
[Date "2018.05.26"]
[Round "11"]
[White "Becker, Linda"]
[Black "Ulrich, Helena Irene"]
[Result "1/2-1/2"]
[Termination "normal"]
[Board "10"]
[WhiteElo "1464"]
[BlackElo "1282"]
[PlyCount "51"]
[WhiteFideId "16244753"]
[BlackFideId "16256000"]
[EventCountry "GER"]
[EventRounds "11"]
[EventType "swiss"]
[EventDate "2018.05.19"]

1. e4 c5 2. c3 Nf6 3. e5 Nd5 4. d4 cxd4 5. cxd4 e6 6. Nf3 Nc6 7. a3 d6 8. Bc4
Be7 9. O-O O-O 10. Nbd2 a6 11. Ne4 dxe5 12. Nxe5 Nxe5 13. dxe5 b5 14. Be2 Bb7
15. Ng3 Rc8 16. Bd3 Re8 17. Qh5 g6 18. Qe2 Bf8 19. Rd1 Qc7 20. Bd2 Bg7 21. f4
Red8 22. Ne4 Qb6+ 23. Qf2 Qxf2+ 24. Kxf2 Bf8 25. Kg3 Kg7 26. h4 1/2-1/2

[Event "DEM U12w 2018"]
[Site "Willingen GER"]
[Date "2018.05.26"]
[Round "11"]
[White "Wörz, Ann-Sophie"]
[Black "Buchholz, Maja"]
[Result "0-1"]
[Termination "normal"]
[Board "11"]
[WhiteElo "1433"]
[BlackElo "1320"]
[PlyCount "166"]
[WhiteFideId "16265890"]
[BlackFideId "16200500"]
[EventCountry "GER"]
[EventRounds "11"]
[EventType "swiss"]
[EventDate "2018.05.19"]

1. e4 c5 2. Nf3 d6 3. d4 cxd4 4. Nxd4 Nf6 5. Nc3 g6 6. Be3 Bg7 7. f3 O-O 8. Qd2
Nc6 9. O-O-O Bd7 10. g4 Qc7 11. Kb1 Rab8 12. h4 Rfc8 13. h5 Qa5 14. hxg6 fxg6
15. Bh6 Nxd4 16. Bxg7 Nxf3 17. Qh6 Qg5 18. Bxf6 Qxh6 19. Rxh6 exf6 20. Rxd6 Kg7
21. Rh3 Ne5 22. Be2 Rf8 23. Rg3 Rf7 24. b3 Bc6 25. Kc1 Re8 26. Bf1 Nd7 27. Bg2
Nc5 28. Re3 Rfe7 29. Rd4 f5 30. gxf5 gxf5 31. Rg3+ Kf6 32. exf5 Bxg2 33. Rxg2
Kxf5 34. Rf2+ Ke6 35. Re2+ Kf7 36. Rf4+ Kg8 37. Rg2+ Rg7 38. Rd2 h6 39. Nd5 Nd7
40. Rh4 Kh7 41. Rdh2 Rg6 42. Nf4 Ra6 43. a4 Re4 44. R2h3 Rf6 45. Nd5 Rf1+ 46.
Kd2 Rxh4 47. Rxh4 Rf7 48. Ne3 Ne5 49. Rh5 Nf3+ 50. Kd3 Ng5 51. Ng4 Rd7+ 52. Kc4
Rd6 53. Kc5 Ne4+ 54. Kc4 Rg6 55. Ne5 Rg5 56. Rxg5 hxg5 57. Ng4 Kg6 58. Kd4 Kf5
59. Ne3+ Kf4 60. Ng2+ Kg3 61. Kxe4 Kxg2 62. Kf5 Kf2 63. Kxg5 Ke3 64. Kf5 Kd2
65. b4 Kxc2 66. b5 Kb3 67. a5 Kb4 68. a6 b6 69. Ke5 Kxb5 70. Kd5 Kxa6 71. Kc4
Ka5 72. Kb3 Kb5 73. Ka3 Kc4 74. Ka4 a6 75. Ka3 b5 76. Ka2 Kb4 77. Kb2 a5 78.
Ka2 Kc3 79. Ka3 b4+ 80. Ka2 Kc2 81. Ka1 a4 82. Ka2 b3+ 83. Ka1 b2+ 0-1

[Event "DEM U12w 2018"]
[Site "Willingen GER"]
[Date "2018.05.26"]
[Round "11"]
[White "Voigt, Anastasia"]
[Black "Adelmeyer, Nelly"]
[Result "1/2-1/2"]
[Termination "normal"]
[Board "12"]
[WhiteElo "1281"]
[BlackElo "1416"]
[PlyCount "144"]
[WhiteFideId "16235223"]
[BlackFideId "16203577"]
[EventCountry "GER"]
[EventRounds "11"]
[EventType "swiss"]
[EventDate "2018.05.19"]

1. e4 d5 2. exd5 Qxd5 3. Nc3 Qa5 4. d4 Nc6 5. Bc4 Nf6 6. Nf3 Bg4 7. Be3 e6 8.
h3 Bh5 9. g4 Bg6 10. Bd2 Qb4 11. Bb3 Nxd4 12. Nd5 Nxf3+ 13. Qxf3 Qc5 14. Nxf6+
gxf6 15. Qxb7 Qe5+ 16. Be3 Be4 17. Ba4+ Kd8 18. O-O-O+ Bd6 19. Bc6 Bxc6 20.
Qxc6 Ke7 21. Rhe1 Rhb8 22. Bd4 Qf4+ 23. Re3 Rd8 24. Qf3 Qxf3 25. Rxf3 e5 26.
Bc3 Bc5 27. Ba5 Rxd1+ 28. Kxd1 Rd8+ 29. Ke2 Bb6 30. Bb4+ Ke6 31. Rc3 Rd4 32.
Ba3 Re4+ 33. Kf1 Rf4 34. f3 f5 35. Kg2 fxg4 36. hxg4 f6 37. Bf8 Rd4 38. Kg3 Rd2
39. b3 Bf2+ 40. Kh3 Bb6 41. a4 Rd1 42. Bg7 Rh1+ 43. Kg2 Rg1+ 44. Kh2 Rd1 45.
Rc6+ Rd6 46. Rxd6+ cxd6 47. c4 Be3 48. Bf8 Kd7 49. b4 Bd2 50. b5 Be3 51. Kg2
Ke6 52. Kf1 Bc5 53. Bh6 f5 54. Bd2 fxg4 55. fxg4 d5 56. cxd5+ Kxd5 57. Ke2 Kc4
58. Kf3 Kd3 59. Bh6 e4+ 60. Kg2 Ke2 61. Kh3 Bf2 62. a5 Kf1 63. b6 axb6 64. axb6
Bxb6 65. Kh2 e3 66. Bxe3 Bxe3 67. Kh1 Ke2 68. Kh2 Kf3 69. Kh1 h6 70. Kh2 Bd4
71. Kh1 Kg3 72. g5 hxg5 1/2-1/2

[Event "DEM U12w 2018"]
[Site "Willingen GER"]
[Date "2018.05.26"]
[Round "11"]
[White "Derling, Charlotte"]
[Black "Feige, Adelina"]
[Result "0-1"]
[Termination "normal"]
[Board "13"]
[WhiteElo "1449"]
[BlackElo "1166"]
[PlyCount "168"]
[WhiteFideId "16222237"]
[BlackFideId "16265955"]
[EventCountry "GER"]
[EventRounds "11"]
[EventType "swiss"]
[EventDate "2018.05.19"]

1. d4 d5 2. Nf3 Nf6 3. Bf4 Nc6 4. e3 Bf5 5. Bb5 Bd7 6. c3 a6 7. Bd3 g6 8. Nbd2
Bg7 9. O-O Qc8 10. Re1 Bf5 11. e4 dxe4 12. Nxe4 Bxe4 13. Bxe4 Nxe4 14. Rxe4 Qf5
15. Qe2 O-O-O 16. Bg3 Bf6 17. Re1 g5 18. Ne5 Bxe5 19. Bxe5 f6 20. Bg3 h5 21. h3
h4 22. Bh2 Rhg8 23. Qg4 Qxg4 24. Rxg4 e5 25. Rge4 Rd5 26. f4 gxf4 27. Bxf4 Kd7
28. dxe5 fxe5 29. Bg5 b5 30. Bxh4 Rd2 31. R4e2 Rd3 32. Bf6 Kd6 33. h4 Rdg3 34.
Kh2 R3g6 35. Rf2 Ke6 36. Ref1 Rf8 37. Bg5 Rxf2 38. Rxf2 e4 39. Be3 Ne5 40. Kh3
Nd3 41. Re2 Kf5 42. h5 Rg8 43. h6 Rh8 44. g4+ Kg6 45. Kg3 c5 46. Rh2 c4 47. g5
a5 48. Bd4 Rh7 49. Kg4 b4 50. Rc2 b3 51. axb3 cxb3 52. Re2 Re7 53. Bf6 Re6 54.
Bd4 a4 55. Rh2 Re7 56. Bf6 Rh7 57. c4 Rf7 58. h7 Rxh7 59. Rxh7 Kxh7 60. Kf5 Nf2
61. Kf4 Kg6 62. c5 Nd3+ 63. Kxe4 Nxc5+ 64. Kd4 a3 65. bxa3 b2 66. Kxc5 b1=Q 67.
Kd5 Qb3+ 68. Ke4 Qxa3 69. Kd5 Qb3+ 70. Kc5 Kf7 71. Kd4 Qd1+ 72. Ke4 Ke6 73. Kf4
Qe2 74. Bg7 Qc4+ 75. Kf3 Kf5 76. Ke3 Kxg5 77. Bd4 Kf5 78. Ba7 Ke5 79. Bb8+ Kf5
80. Ba7 Qc3+ 81. Kf2 Ke4 82. Kg2 Kf4 83. Bb8+ Kg4 84. Kf2 Qb2+ 0-1

[Event "DEM U12w 2018"]
[Site "Willingen GER"]
[Date "2018.05.26"]
[Round "11"]
[White "Alferova, Emily"]
[Black "Petersen, Sophie"]
[Result "1-0"]
[Termination "normal"]
[Board "14"]
[WhiteElo "1323"]
[BlackElo "1431"]
[PlyCount "81"]
[WhiteFideId "16265904"]
[BlackFideId "16229380"]
[EventCountry "GER"]
[EventRounds "11"]
[EventType "swiss"]
[EventDate "2018.05.19"]

1. e4 c5 2. d4 cxd4 3. c3 d3 4. Nf3 g6 5. Bxd3 Bg7 6. Nbd2 Nc6 7. Nf1 Nf6 8.
Ng3 O-O 9. h3 d5 10. exd5 Nxd5 11. O-O Nb6 12. Re1 Be6 13. Qe2 h6 14. Rd1 Qc7
15. Bxg6 Bxa2 16. Rxa2 fxg6 17. Qe6+ Kh7 18. Re1 Rf6 19. Qe4 Rd8 20. Nh5 Rff8
21. Nxg7 Kxg7 22. Qe3 Rh8 23. b4 Rd7 24. b5 Nc4 25. Qe2 N6a5 26. Nd4 Rxd4 27.
cxd4 Re8 28. Rc2 Qd7 29. Rxc4 Nxc4 30. Qxc4 e6 31. Bb2 Kh7 32. Qe2 b6 33. Qc4
Qd6 34. Qc6 Qb4 35. Re2 Qe7 36. d5 Qf7 37. d6 Rd8 38. Rd2 Qf8 39. Qc7+ Kg8 40.
Qc3 Qf7 41. Qh8# 1-0

[Event "DEM U12w 2018"]
[Site "Willingen GER"]
[Date "2018.05.26"]
[Round "11"]
[White "Heckler, Florentine"]
[Black "Nguyen, Jenny Ha-Linh"]
[Result "1/2-1/2"]
[Termination "normal"]
[Board "15"]
[WhiteElo "1284"]
[BlackElo "1360"]
[PlyCount "48"]
[WhiteFideId "16240316"]
[BlackFideId "16209729"]
[EventCountry "GER"]
[EventRounds "11"]
[EventType "swiss"]
[EventDate "2018.05.19"]

1. e4 e5 2. Nf3 Nc6 3. Bc4 Bc5 4. Nc3 Nf6 5. d3 O-O 6. Bg5 h6 7. Be3 Bb6 8. O-O
d6 9. Qd2 Bg4 10. h3 Be6 11. Bb3 Bxb3 12. axb3 Re8 13. Bxb6 axb6 14. Rxa8 Qxa8
15. Re1 Nd4 16. Nxd4 exd4 17. Nd5 Nxd5 18. exd5 Kf8 19. Kf1 Rxe1+ 20. Qxe1 c6
21. dxc6 bxc6 22. c4 dxc3 23. bxc3 Qe8 24. Qxe8+ Kxe8 1/2-1/2

[Event "DEM U12w 2018"]
[Site "Willingen GER"]
[Date "2018.05.26"]
[Round "11"]
[White "Hubert, Charlotte"]
[Black "Shapiro, Nina"]
[Result "0-1"]
[Termination "normal"]
[Board "16"]
[WhiteElo "1219"]
[BlackElo "1281"]
[PlyCount "112"]
[WhiteFideId "16265920"]
[BlackFideId "16260007"]
[EventCountry "GER"]
[EventRounds "11"]
[EventType "swiss"]
[EventDate "2018.05.19"]

1. e4 g6 2. Nf3 Bg7 3. Nc3 c5 4. d4 cxd4 5. Nxd4 d6 6. Be3 Nf6 7. Bb5+ Bd7 8.
Bxd7+ Qxd7 9. h3 O-O 10. O-O Nc6 11. Nxc6 Qxc6 12. Qd3 Rfd8 13. Rad1 Rac8 14.
Rd2 Nd7 15. Nd5 Kf8 16. Qb3 e6 17. Nb4 Nc5 18. Bxc5 Qxc5 19. Rfd1 Ke7 20. Nd3
Qc6 21. Re1 b6 22. Qa3 a5 23. e5 Ra8 24. Nc1 Rd7 25. exd6+ Rxd6 26. Red1 Rad8
27. Rxd6 Rxd6 28. Rxd6 Qxd6 29. Qxd6+ Kxd6 30. Nd3 f5 31. c3 e5 32. Kf1 Kd5 33.
Ke2 e4 34. Ne1 b5 35. Nc2 Kc4 36. Ne3+ Kc5 37. Kd2 b4 38. cxb4+ axb4 39. Kc2
Bh6 40. Kb3 Bxe3 41. fxe3 g5 42. Kc2 f4 43. Kd2 h5 44. Ke2 Kc4 45. a3 Kb3 46.
axb4 Kxb4 47. exf4 gxf4 48. Kf2 h4 49. Ke2 Kb3 50. Ke1 Kxb2 51. Kd2 e3+ 52. Ke2
Kc2 53. Ke1 Kd3 54. Kd1 e2+ 55. Ke1 Ke3 56. g3 hxg3 0-1

[Event "DEM U12w 2018"]
[Site "Willingen GER"]
[Date "2018.05.26"]
[Round "11"]
[White "von Rosen, Anna"]
[Black "Müller, Alina"]
[Result "1/2-1/2"]
[Termination "normal"]
[Board "17"]
[WhiteElo "1395"]
[BlackElo "1208"]
[PlyCount "65"]
[WhiteFideId "12982997"]
[BlackFideId "16265939"]
[EventCountry "GER"]
[EventRounds "11"]
[EventType "swiss"]
[EventDate "2018.05.19"]

1. e4 e6 2. d4 d5 3. Nd2 dxe4 4. Nxe4 Bd7 5. Nf3 Bc6 6. Nc3 Nf6 7. Bd3 Nbd7 8.
O-O Be7 9. Re1 O-O 10. Bf4 Re8 11. Re3 Nf8 12. Bc4 Ng6 13. Bg3 Bd6 14. Ne5 Bxe5
15. Bxe5 Nxe5 16. dxe5 Qxd1+ 17. Rxd1 Ng4 18. Re2 Rad8 19. Rxd8 Rxd8 20. f3 Nh6
21. Bb5 Nf5 22. Bxc6 bxc6 23. Re1 Rd2 24. Rd1 Rxd1+ 25. Nxd1 Kf8 26. Kf2 Nh4
27. g3 Ng6 28. f4 Ke7 29. Ke3 f6 30. exf6+ Kxf6 31. b4 Ne7 32. Nc3 Kf5 33. Kf3
1/2-1/2

[Event "DEM U12w 2018"]
[Site "Willingen GER"]
[Date "2018.05.26"]
[Round "11"]
[White "Gossing, Marie-Sophie"]
[Black "Kumas, Alina"]
[Result "0-1"]
[Termination "normal"]
[Board "18"]
[WhiteElo "1309"]
[BlackElo "1157"]
[PlyCount "106"]
[WhiteFideId "16217284"]
[BlackFideId "16235789"]
[EventCountry "GER"]
[EventRounds "11"]
[EventType "swiss"]
[EventDate "2018.05.19"]

1. e4 e5 2. Nf3 Nc6 3. d4 exd4 4. Nxd4 Nf6 5. Bg5 Be7 6. Nxc6 bxc6 7. Nc3 Nxe4
8. Nxe4 Bxg5 9. Qg4 Qe7 10. Be2 Bf6 11. Nxf6+ Qxf6 12. Qe4+ Qe7 13. Qxe7+ Kxe7
14. O-O-O Re8 15. Rhe1 Kf8 16. Bg4 d6 17. Bf3 Bd7 18. Rf1 Re5 19. Rd3 Rb8 20.
Rc3 c5 21. Ra3 Bb5 22. Rd1 a6 23. Bd5 Rb6 24. Rf3 f6 25. Rh3 h6 26. f3 c6 27.
Be4 f5 28. Bd3 Bxd3 29. Rxd3 d5 30. f4 Re2 31. Kd1 Rxg2 32. Rb3 Rxb3 33. axb3
Rf2 34. Rh5 Rxf4 35. Ke2 Kf7 36. Ke3 Rf1 37. c4 Kg6 38. Rh3 Rb1 39. cxd5 cxd5
40. Rg3+ Kf6 41. Rg2 d4+ 42. Kd3 Re1 43. Rc2 Re3+ 44. Kc4 d3 45. Rc3 d2 46.
Rxe3 d1=Q 47. b4 Qd4+ 48. Kb3 Qxe3+ 49. Ka4 cxb4 50. Ka5 f4 51. Kxb4 f3 52. Kc4
f2 53. Kd5 f1=R 0-1

[Event "DEM U12w 2018"]
[Site "Willingen GER"]
[Date "2018.05.26"]
[Round "11"]
[White "Kanno, Clara Yumi"]
[Black "Prinzen, Siri Marleen"]
[Result "0-1"]
[Termination "normal"]
[Board "19"]
[WhiteElo "1073"]
[BlackElo "1227"]
[PlyCount "30"]
[WhiteFideId "16259661"]
[BlackFideId "16265912"]
[EventCountry "GER"]
[EventRounds "11"]
[EventType "swiss"]
[EventDate "2018.05.19"]

1. e4 e5 2. Nf3 Nc6 3. Bc4 Bc5 4. O-O d6 5. Nc3 Nf6 6. d3 Bg4 7. h3 Bh5 8. Qe2
Nd4 9. Qd1 Nxf3+ 10. gxf3 h6 11. Bd2 Nh7 12. Re1 Ng5 13. Kf1 Nxf3 14. Qc1 Qh4
15. Re2 Qxh3# 0-1